[Event "URS-ch sf"]
[Site "Barnaul"]
[Date "1984.??.??"]
[Round "?"]
[White "Shaboian, V."]
[Black "Petrushin, Alexander I"]
[Result "0-1"]
[WhiteElo "2200"]
[BlackElo "2420"]

1.d4 Nf6 2.Nf3 g6 3.c4 Bg7 4.g3 O-O 5.Bg2 d6 6.O-O Nbd7 7.Nc3 e5 8.e4 exd4
9.Nxd4 Re8 10.Re1 Ng4 11.h3 Nge5 12.b3 Nc5 13.Be3 c6 14.Qc2 g5 15.Rad1 g4
16.hxg4 Nxg4 17.Bc1 a5 18.Nce2 Qb6 19.Nf4 a4 20.Nh5 axb3 21.Nxb3 Be5 22.Bf4 Nxb3
23.axb3 Bd4 24.Re2 Ra5 25.e5 dxe5 26.Bf3 c5 27.b4 Ra6 28.b5 Ra3 29.Kg2 Rxf3
30.Kxf3 Qg6 31.Rh1 Bf5 32.Qd2 Nxf2 33.Rxf2 Be4+ 34.Ke2 Bxh1 35.Nf6+ Qxf6
36.Bg5  0-1

[Event "URS-ch sf"]
[Site "Barnaul"]
[Date "1984.??.??"]
[Round "?"]
[White "Piesina, Gintautas"]
[Black "Petrushin, Alexander I"]
[Result "0-1"]
[WhiteElo "2355"]
[BlackElo "2420"]

1.d4 Nf6 2.Nf3 g6 3.g3 Bg7 4.Bg2 O-O 5.c4 d6 6.O-O Nbd7 7.Nc3 e5 8.e4 exd4
9.Nxd4 Re8 10.h3 Nc5 11.Re1 Nfd7 12.Be3 Ne5 13.b3 c6 14.Qc2 g5 15.Rad1 g4
16.hxg4 Nxg4 17.b4 Na6 18.b5 Nb4 19.Qd2 Nxe3 20.fxe3 Qg5 21.a3 a5 22.axb4 axb4
23.Nce2 Bg4 24.Rf1 c5 25.Nf3 Qh6 26.Nf4 Rxe4 27.Nh2 Bxd1 28.Bxe4 Bb3 29.Qd3 Ba2
30.Ng4 Qg5 31.Bxh7+ Kh8 32.Bf5 Bxc4 33.Qe4 Bxf1 34.Kxf1 b3 35.Nd5 Qh5 36.Kg2 Be5
37.Nf4 Ra2+ 38.Nf2 Qg5 39.g4 Qh4 40.Qf3 c4 41.Nh3 c3 42.Qxb7 Qg3+ 43.Kf1 Qxe3  0-1

[Event "URS-ch sf"]
[Site "Barnaul"]
[Date "1984.??.??"]
[Round "?"]
[White "Dzuban, Oleg I"]
[Black "Piesina, Gintautas"]
[Result "1-0"]
[WhiteElo "2415"]
[BlackElo "2355"]

1.Nf3 Nf6 2.c4 g6 3.g3 Bg7 4.Bg2 d6 5.d4 O-O 6.O-O Nbd7 7.Qc2 e5 8.Nc3 exd4
9.Nxd4 Nb6 10.Rd1 c5 11.Nb3 Qe7 12.Na5 Bf5 13.e4 Bg4 14.f3 Be6 15.Bf4 Rad8
16.Qd3 Nc8 17.Nd5 Bxd5 18.cxd5 Qc7 19.Qd2 Nd7 20.Rac1 Qb6 21.Rc2 Rfe8 22.Kh1 Ne5
23.a3 Rd7 24.b4 cxb4 25.axb4 Rc7 26.Rdc1 Rxc2 27.Rxc2 Qb5 28.Rc7 Nb6 29.Bxe5 Bxe5
30.Rxb7 Ra8 31.Bh3 Bg7 32.Kg2 f5 33.exf5 Re8 34.f6 Re2+ 35.Kg1 Bxf6 36.Be6+ Kf8
37.Qh6+ Ke8 38.Bf7+ Kd8 39.Qf8+ Re8 40.Qxd6+ Kc8 41.Qc7+  1-0

[Event "Berlin op"]
[Site "Berlin-West"]
[Date "1984.??.??"]
[Round "6"]
[White "Paulsen, Dirk"]
[Black "Smejkal, Jan"]
[Result "0-1"]
[WhiteElo "2360"]
[BlackElo "2540"]

1.d4 Nf6 2.c4 g6 3.Nf3 Bg7 4.g3 O-O 5.Bg2 d6 6.O-O Nc6 7.Nc3 a6 8.h3 Rb8
9.e4 Nd7 10.Rb1 Na5 11.Qe2 c5 12.Be3 Nc6 13.Rfd1 Qb6 14.Qd2 e5 15.dxc5 dxc5
16.Na4 Qc7 17.Nxc5 Nb6 18.Qc3 f5 19.Ng5 Qe7 20.exf5 gxf5 21.Nge6 Bxe6 22.Nxe6 Qxe6
23.Bxb6 e4 24.Qb3 Rbc8 25.Rd5 Ne5 26.c5 Kh8 27.Rbd1 Qf7 28.Qa4 Nd3 29.R1xd3 exd3
30.Rd7 Qe8 31.Bxb7 f4 32.Kg2 fxg3 33.c6 gxf2 34.Bxf2 Qe2 35.Qh4 Rf6 36.Rxg7 Kxg7
37.Bxc8 d2 38.Bg4 Rg6 39.Kh2 Rxg4 40.hxg4 d1=Q  0-1

[Event "Casilda"]
[Site "Casilda"]
[Date "1984.??.??"]
[Round "4"]
[White "Valiente, Cristobal"]
[Black "Cifuentes Parada, Roberto"]
[Result "1/2-1/2"]
[WhiteElo "2305"]
[BlackElo "2425"]

1.d4 Nf6 2.c4 g6 3.Nf3 Bg7 4.g3 O-O 5.Bg2 d6 6.Nc3 Nc6 7.O-O a6 8.h3 Rb8
9.Bg5 b5 10.cxb5 axb5 11.Bxf6 Bxf6 12.Rc1 Bd7 13.Nd5 Bg7 14.a3 e6 15.Nb4 Na5
16.e3 Rc8 17.Nd3 c6 18.Nd2 Qb6 19.b4 Nb7 20.a4 bxa4 21.Qxa4 Ra8 22.Nc4 Qc7
23.Qb3 Rfb8 24.Ra1 Rxa1 25.Rxa1 c5 26.Rc1 cxd4 27.Na5 Nxa5 28.Rxc7 Nxb3 29.Rxd7 dxe3
30.fxe3 d5 31.Rc7 Nd2 32.Kf2 h5 33.Ke2 Ne4 34.g4 hxg4 35.hxg4 Nc3+ 36.Kf3 e5
37.Kf2 e4 38.Nf4 d4 39.Rc4 Nd1+ 40.Ke1 Nxe3  1/2-1/2

[Event "Copenhagen AS04& BSF"]
[Site "Copenhagen"]
[Date "1984.??.??"]
[Round "9"]
[White "Hansen, Curt"]
[Black "Hoi, Carsten"]
[Result "1/2-1/2"]
[WhiteElo "2505"]
[BlackElo "2380"]

1.d4 Nf6 2.c4 g6 3.g3 Bg7 4.Bg2 O-O 5.Nf3 d6 6.O-O Bg4 7.Nc3 Bxf3 8.Bxf3 Nc6
9.Bxc6 bxc6 10.Qa4 Qd7 11.Kg2 Rfb8 12.Rd1 h5 13.Rb1 h4 14.f3 a5 15.Qc2 h3+
16.Kg1 Qf5 17.Qxf5 gxf5 18.Na4 Nd7 19.b3 Nb6 20.Nxb6 Rxb6 21.Ba3 Rbb8 22.Kf2 Kh7
23.e3 Bf6 24.Rd2 Rg8 25.Ke2 Rab8 26.f4 Rge8 27.Kf3 Rg8 28.Rg1 a4 29.b4 e6
30.Rc1 Rb7 31.e4 fxe4+ 32.Kxe4 Rbb8 33.Kf3 e5 34.dxe5 dxe5 35.Rd7 exf4 36.Rcd1 fxg3
37.hxg3 Kg6 38.Rxc7 Rbd8 39.Rcd7 Rxd7 40.Rxd7 Kf5 41.Rxf7 h2 42.Rh7 Rd8 43.g4+ Ke6
44.Rxh2 Rd3+ 45.Kf4 Be5+ 46.Ke4 Rd4+ 47.Ke3 Rxc4 48.Rd2 Rxg4 49.Bb2 Bf4+
50.Kf3 Bxd2 51.Kxg4 Bxb4 52.Kf3 Kd5 53.Ke3 Kc4 54.Bg7 Be1 55.Bf6 Bc3 56.Be7 c5
57.Bf8 Ba5 58.Be7  1/2-1/2

[Event "Czestochowa"]
[Site "Czestochowa"]
[Date "1984.??.??"]
[Round "?"]
[White "Sekulic, Dusan"]
[Black "Flis, Jacek"]
[Result "1-0"]
[WhiteElo "2315"]
[BlackElo "2360"]

1.d4 Nf6 2.Nf3 g6 3.c4 Bg7 4.g3 O-O 5.Bg2 d6 6.O-O Nbd7 7.Nc3 e5 8.e4 c6
9.h3 a5 10.Be3 Re8 11.Qc2 exd4 12.Nxd4 Nc5 13.Rfe1 a4 14.Rad1 Nfd7 15.f4 Qa5
16.Bf2 Qb4 17.Bf1 Nb6 18.a3 Qa5 19.g4 Ne6 20.Nce2 Nxd4 21.Nxd4 Bd7 22.Nf3 Bf8
23.Kg2 Rad8 24.Be3 Bc8 25.Bd2 Qa7 26.Bb4 Na8 27.Qf2 Qxf2+ 28.Kxf2 c5 29.Ba5 b6
30.Bc3 Bb7 31.Bd3 Nc7 32.f5 Bc6 33.h4 Rb8 34.f6 b5 35.cxb5 Nxb5 36.Bxb5 Rxb5
37.Nd2 Bd7 38.Nc4 Bxg4 39.Nxd6 Rd8 40.e5 Bxd1 41.Nxb5 Bb3 42.Nd6 h6 43.Ba5 Rd7
44.Ne4 Rd4 45.Bc3 Rd3 46.Re3 Rd1 47.Re2 Kh7 48.Ba5 Rd5 49.Bc7 g5 50.hxg5 hxg5
51.Nxg5+ Kg6 52.Nf3 Kf5 53.Re1 c4 54.Rh1 c3 55.bxc3 Bxa3 56.Rh5+ Kg6 57.Rg5+ Kh6
58.Rg8 Bc5+ 59.Kg3 a3 60.Rh8+ Kg6 61.Kf4 Bf2 62.Bb6 Bd1 63.Bxf2 Bxf3 64.Kxf3  1-0

[Event "Czestochowa"]
[Site "Czestochowa"]
[Date "1984.??.??"]
[Round "?"]
[White "Sekulic, Dusan"]
[Black "Thipsay, Praveen Mahadeo"]
[Result "0-1"]
[WhiteElo "2315"]
[BlackElo "2435"]

1.d4 Nf6 2.Nf3 g6 3.c4 Bg7 4.g3 O-O 5.Bg2 d6 6.Nc3 Nbd7 7.O-O e5 8.e4 c6
9.h3 Qb6 10.Re1 Re8 11.d5 cxd5 12.cxd5 Nc5 13.Rb1 a5 14.Be3 Bd7 15.Nd2 Qc7
16.Nb3 b6 17.Rc1 Qb7 18.Qe2 a4 19.Nd2 b5 20.Bf1 Rab8 21.Qf3 Rec8 22.b4 axb3
23.axb3 Ne8 24.b4 Na4 25.Na2 f5 26.Rxc8 Rxc8 27.Bd3 fxe4 28.Bxe4 Nf6 29.g4 Nb6
30.Bxb6 Qxb6 31.Qe3 Qa6 32.Nc1 Rf8 33.Nd3 Qa8 34.Qb6 Bh6 35.f4 Qa2 36.Qf2 Nxe4
37.Nxe4 Qxd5 38.Rd1 Qxe4  0-1

[Event "Dresden"]
[Site "Dresden"]
[Date "1984.??.??"]
[Round "4"]
[White "Gauglitz, Gernot"]
[Black "Kaminski, Uwe"]
[Result "1-0"]
[WhiteElo "2325"]
[BlackElo "2200"]

1.d4 Nf6 2.c4 g6 3.Nf3 Bg7 4.g3 O-O 5.Bg2 d6 6.O-O Nc6 7.Nc3 a6 8.d5 Na5
9.Nd2 c5 10.Qc2 Rb8 11.b3 b5 12.Bb2 bxc4 13.bxc4 Bh6 14.Ncb1 Bf5 15.e4 Bd7
16.Bc3 e5 17.Na3 Nh5 18.Rab1 Qc7 19.Rfe1 Bg5 20.Nf3 Bh6 21.Qe2 f5 22.Rxb8 Rxb8
23.exf5 Bxf5 24.Nxe5 Bg7 25.Bxa5  1-0

[Event "Dresden"]
[Site "Dresden"]
[Date "1984.??.??"]
[Round "6"]
[White "Gauglitz, Gernot"]
[Black "Kochyev, Alexander"]
[Result "1/2-1/2"]
[WhiteElo "2325"]
[BlackElo "2450"]

1.d4 Nf6 2.Nf3 g6 3.c4 Bg7 4.g3 O-O 5.Bg2 d6 6.O-O c6 7.Nc3 a6 8.e4 Nfd7
9.Be3 b5 10.cxb5 axb5 11.b3 b4 12.Na4 Ba6 13.Re1 Bb5 14.Nb2 Na6 15.Qd2 Re8
16.Bh3 Nf6 17.Bh6 e5 18.Bxg7 Kxg7 19.Rad1 Qb6 20.Bg2 c5 21.dxe5 dxe5 22.Bf1 Nc7
23.Nc4 Bxc4 24.Bxc4 Nb5 25.Bxb5 Qxb5 26.Qc2 c4 27.bxc4 Qc5 28.Nd2 Rec8 29.Rb1 Ne8
30.Rec1 Nd6 31.Qb2 f6 32.Rc2 Ra4 33.Rd1 Qc6 34.Qb3 Rca8 35.Rdc1 Nxe4 36.Nxe4 Qxe4
37.Rd2 R8a7 38.Rcd1 Qc6 39.Rd6 Qe8 40.c5 Qf7 41.c6 Qxb3 42.axb3 Ra1 43.Rxa1 Rxa1+
44.Kg2 Rc1 45.Rd7+ Kh6 46.c7 g5 47.Kf3 f5 48.Ke2 g4 49.Re7 Rc5 50.Kd2 Rd5+
51.Kc2 Rc5+ 52.Kd2 Kg6 53.Rxe5 Rxc7 54.Rb5 Rd7+ 55.Ke3 Re7+ 56.Kd3 Rd7+ 57.Kc2 Rc7+
58.Kd2 Rd7+ 59.Ke2 Re7+ 60.Kf1 Re4 61.Kg2 h5 62.h4 f4 63.gxf4 Rxf4 64.Kf1 Rf3
65.Rb6+ Kf5 66.Rb7 Kg6  1/2-1/2

[Event "Hamburg op"]
[Site "Hamburg"]
[Date "1984.??.??"]
[Round "3"]
[White "Szekely, Peter"]
[Black "Dresen, Ulrich"]
[Result "1/2-1/2"]
[WhiteElo "2440"]
[BlackElo "2290"]

1.Nf3 g6 2.c4 Bg7 3.d4 d6 4.g3 Nf6 5.Bg2 O-O 6.Nc3 c6 7.O-O Qa5 8.h3 Be6
9.d5 cxd5 10.Nd4 Bd7 11.Nb3 Qc7 12.cxd5 Rc8 13.Be3 a5 14.Rc1 Qd8 15.Nd4 Na6
16.Qd2 a4 17.a3 Rc4 18.Qd3 Rcc8 19.Rfd1 Nc5 20.Qd2 Ne8 21.Rb1 Nc7 22.Bh6 Bh8
23.Qe3 Bf6 24.h4 Ra6 25.Bg5 Ne8  1/2-1/2

[Event "JUG-ch"]
[Site "?"]
[Date "1984.??.??"]
[Round "15"]
[White "Hulak, Krunoslav"]
[Black "Barlov, Dragan"]
[Result "1-0"]
[WhiteElo "2510"]
[BlackElo "2410"]

1.d4 Nf6 2.Nf3 g6 3.g3 Bg7 4.Bg2 O-O 5.c4 d6 6.Nc3 c6 7.O-O Nbd7 8.e4 e5
9.h3 exd4 10.Nxd4 Qb6 11.Re1 Ne8 12.Nce2 Ne5 13.b3 c5 14.Nc2 f5 15.Nc3 Nf6
16.exf5 Bxf5 17.Ne3 Bd7 18.Bb2 Rae8 19.f4 Nf7 20.Qd2 Qa5 21.Rad1 Bc6 22.g4 Ne4
23.Nxe4 Qxd2 24.Rxd2 Bxe4 25.Bxg7 Kxg7 26.Ree2 Bxg2 27.Kxg2 Re4 28.Nd5 Rxe2+
29.Rxe2 Nd8 30.Kg3 Rf7 31.Re8 Rf8 32.Nc7 Kf7 33.Rxf8+ Kxf8 34.Nb5 Ke7 35.Nxa7 d5
36.Kf3 d4 37.Nc8+ Ke6 38.Nb6 Nf7 39.Ke4 Nd6+ 40.Kd3 g5 41.f5+ Nxf5  1-0

[Event "Kragujevac"]
[Site "Kragujevac"]
[Date "1984.??.??"]
[Round "1"]
[White "Vukic, Milan"]
[Black "Milicevic, Predrag"]
[Result "1-0"]
[WhiteElo "2450"]
[BlackElo "2280"]

1.Nf3 Nf6 2.c4 g6 3.d4 Bg7 4.g3 O-O 5.Bg2 d6 6.O-O Bf5 7.Nc3 Qc8 8.Re1 Bh3
9.Bh1 c6 10.e4 Na6 11.b3 Bg4 12.Bb2 e5 13.Qd2 Re8 14.d5 c5 15.Nh4 Nc7 16.Ng2 Bf3
17.Qd3 Bxg2 18.Bxg2 a6 19.a4 b6 20.Bc1 Qd7 21.Bd2 Rab8 22.Reb1 b5 23.axb5 axb5
24.b4 bxc4 25.Qxc4 cxb4 26.Rxb4 Rxb4 27.Qxb4 Bf8 28.Qb7 Na8 29.Qc6 Rb8 30.Be3 Qd8
31.Bh3 Ne8 32.Nb5 Nec7 33.Nxc7  1-0

[Event "BKL-Turnier"]
[Site "Leipzig"]
[Date "1984.??.??"]
[Round "2"]
[White "Moehring, Guenther"]
[Black "Hesse, Peter"]
[Result "0-1"]
[WhiteElo "2395"]
[BlackElo "2345"]

1.Nf3 Nf6 2.c4 g6 3.g3 Bg7 4.Bg2 d6 5.d4 O-O 6.Nc3 Nc6 7.d5 Na5 8.Nd2 c6
9.Rb1 cxd5 10.cxd5 Bd7 11.b3 Rc8 12.Bb2 b5 13.a3 Qb6 14.Na2 Rc7 15.O-O Rfc8
16.Ne4 Nxe4 17.Bxe4 Bxb2 18.Rxb2 Nb7 19.b4 Nd8 20.Bg2 f6 21.h4 Nf7 22.h5 Ne5
23.hxg6 hxg6 24.Qb1 Kf7 25.Be4 f5 26.Bd3 Qd4 27.Rd1 Qg4 28.Kg2 f4 29.Rh1 f3+
30.Kg1 Nxd3 31.Rh7+ Kg8 32.Rh4 fxe2 33.Rxg4 e1=Q+ 34.Qxe1 Nxe1 35.Re4 Nf3+
36.Kh1 Bh3  0-1

[Event "Leningrad"]
[Site "Leningrad"]
[Date "1984.??.??"]
[Round "8"]
[White "Stohl, Igor"]
[Black "Maki, Veijo"]
[Result "1/2-1/2"]
[WhiteElo "2405"]
[BlackElo "2380"]

1.d4 Nf6 2.c4 g6 3.Nf3 Bg7 4.g3 O-O 5.Bg2 d6 6.Nc3 c5 7.d5 e6 8.O-O exd5
9.cxd5 Re8 10.Nd2 a6 11.a4 Nbd7 12.h3 Rb8 13.Nc4 Nb6 14.Na3 Bd7 15.a5 Nc8
16.Nc4 Bb5 17.Qb3 Bxc4 18.Qxc4 Nd7 19.Ra2 Ne5 20.Qa4 b5 21.axb6 Rxb6 22.Bd2 Rb4
23.Qc2 Nc4 24.Be1 Rb7 25.Nd1 N8b6 26.Rxa6 Qe7 27.b3 Ne5 28.Bc3 Reb8 29.b4 Nbd7
30.bxc5 Nxc5 31.Ra5 Rb3 32.Qa2 h5 33.Ra7 Qe8 34.Qc2 Qd8 35.Kh1 h4 36.g4 Qb6
37.Ra2 Qb5 38.Rb2 Qb6 39.Ra2 Qb5 40.Rb2 Qc4 41.Bxe5 Qxc2 42.Rxc2 Bxe5 43.f4 Bd4
44.Rc4 R8b4 45.Rxb4 Rxb4 46.g5 Rb3  1/2-1/2

[Event "SWE-ch"]
[Site "Linkoping"]
[Date "1984.??.??"]
[Round "?"]
[White "Hammar, Bengt"]
[Black "Pietrusiak, Bogdan"]
[Result "1/2-1/2"]
[WhiteElo "2375"]
[BlackElo "2270"]

1.d4 Nf6 2.Nf3 g6 3.c4 Bg7 4.g3 O-O 5.Bg2 d6 6.O-O Nc6 7.Nc3 a6 8.h3 Rb8
9.e4 b5 10.e5 Nd7 11.cxb5 axb5 12.Ng5 dxe5 13.Bxc6 exd4 14.Nxb5 Rb6 15.Na7  1/2-1/2

[Event "Lugano op"]
[Site "Lugano"]
[Date "1984.??.??"]
[Round "?"]
[White "Tatai, Stefano"]
[Black "Vukic, Milan"]
[Result "0-1"]
[WhiteElo "2430"]
[BlackElo "2450"]

1.d4 Nf6 2.c4 g6 3.Nf3 Bg7 4.g3 O-O 5.Bg2 d6 6.O-O c6 7.Nc3 Qa5 8.h3 Be6
9.d5 cxd5 10.Nd4 Bd7 11.Nb3 Qd8 12.cxd5 a5 13.a4 Na6 14.Be3 Rc8 15.Bd4 Rc4
16.Re1 Ne8 17.Bxg7 Nxg7 18.Nd2 Rb4 19.Ra2 Nc5 20.Kh2 Qb6 21.e3 Nd3 22.Nc4 Rxc4
23.Qxd3 Rfc8 24.Qd2 Rb4 25.Bf1 Ne8 26.Bb5 Nf6 27.Rea1 Qc5 28.Bf1 Qb6 29.Bb5 Be8
30.Ra3 Nd7 31.Na2 Ne5 32.Kh1 Bxb5 33.Nxb4 Nc4 34.Qc3 axb4 35.Qxb4 Ba6 36.Qxb6 Nxb6
37.b4 Be2 38.e4 Rc2 39.Kg2 Bc4 40.Rb1 Nd7 41.b5 Nc5 42.a5 Nxe4  0-1

[Event "Lvov"]
[Site "Lvov"]
[Date "1984.??.??"]
[Round "11"]
[White "Boensch, Uwe"]
[Black "Romanishin, Oleg M"]
[Result "0-1"]
[WhiteElo "2425"]
[BlackElo "2580"]

1.d4 Nf6 2.c4 g6 3.Nf3 Bg7 4.g3 O-O 5.Bg2 d6 6.O-O Bf5 7.b3 Qc8 8.Bb2 Re8
9.Nbd2 c5 10.d5 a6 11.Re1 e5 12.Nh4 e4 13.Nf1 Bh3 14.Qd2 Bxg2 15.Kxg2 Nbd7
16.f4 b5 17.Ne3 Nb6 18.Rac1 bxc4 19.bxc4 Rb8 20.h3 Qd7 21.Ba1 Qa4 22.Rf1 Qb4
23.Bc3 Qa3 24.Ba1 Qb4 25.Qc2 Qa3 26.Kf2 Na4 27.Rb1 Nh5 28.Bxg7 Nxg7 29.Rb3 Rxb3
30.axb3 Nb6 31.f5 Nd7 32.g4 Qa5 33.Kg2 Qd8 34.Kg3 Qg5 35.Nhg2 h5 36.h4 Qe7
37.Qc3 hxg4 38.fxg6 Nh5+ 39.Kxg4 fxg6 40.Kh3 Ne5 41.Qe1 Rb8 42.Qb1 a5 43.Qa2 Qd8
44.Kh2 Rb4 45.Qc2 Qb8 46.Ra1 Rxb3 47.Rxa5 Rxe3 48.Nxe3 Qd8 49.Ra3 Qxh4+ 50.Kg1 Nf4
51.Nf1 Qg4+ 52.Ng3 Ned3 53.Ra8+ Kh7 54.Ra7+ Kh6 55.exd3 Qxg3+ 56.Kh1 Qe1+
57.Kh2 Ne2  0-1

[Event "Lvov"]
[Site "Lvov"]
[Date "1984.??.??"]
[Round "13"]
[White "Boensch, Uwe"]
[Black "Sahovic, Dragutin"]
[Result "1/2-1/2"]
[WhiteElo "2425"]
[BlackElo "2425"]

1.d4 Nf6 2.c4 g6 3.Nf3 Bg7 4.g3 O-O 5.Bg2 d6 6.O-O c6 7.h3 Nbd7 8.Nc3 e5
9.e4 Re8 10.d5 Nc5 11.Re1 a5 12.b3 cxd5 13.cxd5 Bd7 14.a4 Rc8 15.Ba3 Rf8
16.Rc1 Bh6 17.Rc2 Qb6 18.Rb2 Ncxe4 19.Nxe4 Nxe4 20.Nxe5 dxe5 21.Bxe4 Rc1
22.Qe2 Rxe1+ 23.Qxe1 Rc8 24.Rc2 Qxb3 25.Rxc8+ Bxc8 26.Bd6 Qxa4 27.Bxe5 Qe8
28.Bb2 Bg7 29.Bxg7 Kxg7 30.Qc3+ Kg8 31.d6 Bxh3 32.Bxb7 Qd7 33.Bg2 Bxg2 34.Kxg2 Qxd6
35.Qxa5 h5 36.Qa8+ Kg7 37.Qf3 Qd4 38.Qb7 Kf6 39.Qf3+ Ke6 40.Qc6+ Qd6 41.Qe8+ Kf6
42.Qe4  1/2-1/2

[Event "Naleczow"]
[Site "Naleczow"]
[Date "1984.??.??"]
[Round "?"]
[White "Ksieski, Zbigniew"]
[Black "Nicevski, Risto"]
[Result "1-0"]
[WhiteElo "2400"]
[BlackElo "2390"]

1.d4 Nf6 2.c4 g6 3.g3 Bg7 4.Bg2 O-O 5.Nf3 d6 6.O-O Nbd7 7.d5 e5 8.dxe6 fxe6
9.Nd4 Nb6 10.Nd2 Qe7 11.Qb3 Kh8 12.Qa3 c5 13.Nc2 d5 14.e4 dxe4 15.Ne3 e5
16.Qb3 Bf5 17.a4 Rad8 18.a5 Rd3 19.Qc2 Nc8 20.Nxe4 Rfd8 21.Nd5 Nxd5 22.Qxd3 Nf4
23.Qe3 Rd3 24.Qxc5 Bxe4 25.Qxc8+ Rd8 26.Qxd8+ Qxd8 27.Bxe4 Qd4 28.Bxb7 Ne2+
29.Kg2 e4 30.Be3 Qxc4 31.Rac1 Nxc1 32.Rxc1 Qf7 33.Rc8+ Bf8 34.Rxf8+ Qxf8
35.Bd4+ Kg8 36.Bd5+  1-0

[Event "CAN-ch"]
[Site "Ottawa"]
[Date "1984.??.??"]
[Round "7"]
[White "Pelts, Roman"]
[Black "Morrison, Robert"]
[Result "1-0"]
[WhiteElo "2435"]
[BlackElo "2380"]

1.Nf3 Nf6 2.c4 g6 3.d4 Bg7 4.g3 O-O 5.Bg2 d6 6.O-O Nc6 7.Nc3 a6 8.h3 e5 9.Be3 exd4
10.Nxd4 Ne5 11.b3 Rb8 12.Qd2 c6 13.f4 Ned7 14.Bf2 Re8 15.e4 Nc5 16.Rae1 a5
17.Re2 Qc7 18.Rd1 Nfd7 19.Qc2 Bf8 20.Red2 Qd8 21.a3 Ra8 22.Qb1 Qf6 23.b4 axb4
24.axb4 Ne6 25.Nce2 Nb8 26.Ra2 Rxa2 27.Qxa2 Nxd4 28.Nxd4 Qe7 29.b5 c5 30.Ne2 Nd7
31.Nc3 Nb6 32.Qa7 Qc7 33.Qa2 Be6 34.Bf1 Bg7 35.Qb3 Bd4 36.Na4 Bxf2+ 37.Kxf2 h5
38.Nxb6 Qxb6 39.Qd3 h4 40.f5 Bc8 41.fxg6 fxg6 42.Qxd6 Qxd6 43.Rxd6 Kf7 44.Rd5 b6
45.e5 hxg3+ 46.Kxg3 g5 47.Be2 Rh8 48.Bf1 Be6 49.Rd6 Ra8 50.Rxb6 Ra3+ 51.Kf2 Ra2+
52.Ke3 Ra4 53.Rb7+ Kf8 54.Rc7 Bxc4 55.Bxc4 Rxc4 56.b6 Rb4 57.b7  1-0

[Event "Pernik"]
[Site "Pernik"]
[Date "1984.??.??"]
[Round "3"]
[White "Nenkov, Ljudmil"]
[Black "Antonov, Vladimir"]
[Result "1/2-1/2"]
[WhiteElo "2245"]
[BlackElo "2360"]

1.d4 Nf6 2.c4 g6 3.g3 Bg7 4.Bg2 O-O 5.Nf3 d6 6.O-O Nc6 7.Nc3 a6 8.d5 Na5
9.Nd2 c5 10.Rb1 Bd7 11.b3 b5 12.Bb2 Rb8 13.Qc2 bxc4 14.bxc4 Bh6 15.e3 Bf5
16.Nce4 Nxe4 17.Bxe4 Bxe4 18.Qxe4 Qc7 19.Qc2 Bg7 20.Bxg7 Kxg7 21.Rb2 Rxb2
22.Qxb2+ f6 23.Rb1 Ra8 24.Qb6 Qxb6 25.Rxb6 Kf7 26.Kg2 Ke8 27.Kf3 Kd7 28.Ke2 Kc7
29.Rb1 Re8 30.Kd3 e6 31.e4 f5 32.f3 Rf8 33.Re1 fxe4+ 34.fxe4 Kd7 35.Rf1 Rxf1
36.Nxf1 exd5 37.exd5 Nb7 38.Nd2  1/2-1/2

[Event "Pernik"]
[Site "Pernik"]
[Date "1984.??.??"]
[Round "4"]
[White "Kirov, Nino"]
[Black "Peev, Peicho Chonev"]
[Result "1/2-1/2"]
[WhiteElo "2455"]
[BlackElo "2405"]

1.Nf3 g6 2.g3 Bg7 3.d4 d6 4.c4 Nf6 5.Bg2 O-O 6.O-O Nc6 7.Nc3 a6 8.d5 Na5
9.Nd2 c5 10.Qc2 Rb8 11.b3 b5 12.Bb2 bxc4 13.bxc4 Bh6 14.Ncb1 Bd7 15.Bc3 Qc7
16.Na3 Bg7 17.Rab1 e5 18.Rxb8 Rxb8 19.Rb1 Rxb1+ 20.Qxb1 Nb7 21.Nb3 Qb6 22.Na5 Qxb1+
23.Nxb1 Nxa5 24.Bxa5 Ne8 25.Nd2 f5  1/2-1/2

[Event "Rostock"]
[Site "Rostock"]
[Date "1984.??.??"]
[Round "?"]
[White "Boensch, Uwe"]
[Black "Paehtz, Thomas Sr"]
[Result "1-0"]
[WhiteElo "2460"]
[BlackElo "2390"]

1.d4 Nf6 2.c4 g6 3.Nf3 Bg7 4.g3 O-O 5.Bg2 d6 6.O-O Nbd7 7.Nc3 e5 8.e4 c6
9.h3 exd4 10.Nxd4 Qb6 11.Na4 Qc7 12.Bf4 Ne5 13.Rc1 Qe7 14.Re1 Rd8 15.b3 Nfd7
16.Be3 Nc5 17.Nb2 a5 18.a3 Qf8 19.f4 Nxe4 20.Bxe4 Bxh3 21.Nd3 Ng4 22.Nf2 Nxe3
23.Rxe3 d5 24.cxd5 cxd5 25.Bf3 Bd7 26.a4 Qb4 27.Rd3 Qb6 28.Kg2 h5 29.Qd2 Rac8
30.Rxc8 Bxc8 31.Nd1 Bd7 32.Ne3 Bc6 33.Nxc6 bxc6 34.Nc4 Qb4 35.Nxa5  1-0

[Event "NWC April"]
[Site "Seattle"]
[Date "1984.??.??"]
[Round "?"]
[White "Watson, John L"]
[Black "Biyiasas, Peter"]
[Result "1/2-1/2"]
[WhiteElo "2420"]
[BlackElo "2465"]

1.d4 Nf6 2.c4 g6 3.Nf3 Bg7 4.g3 O-O 5.Bg2 d6 6.Nc3 Nc6 7.O-O Bg4 8.h3 Bxf3
9.Bxf3 Nd7 10.e3 e5 11.d5 Ne7 12.e4 Kh8 13.h4 Ng8 14.h5 Bh6  1/2-1/2

[Event "Smederevska Palanka"]
[Site "Smederevska Palanka"]
[Date "1984.??.??"]
[Round "?"]
[White "Kirov, Nino"]
[Black "Barlov, Dragan"]
[Result "0-1"]
[WhiteElo "2455"]
[BlackElo "2410"]

1.Nf3 Nf6 2.g3 g6 3.Bg2 Bg7 4.d4 O-O 5.c4 d6 6.O-O c6 7.Nc3 Nbd7 8.e4 e5
9.h3 exd4 10.Nxd4 Qb6 11.Nde2 Nc5 12.Be3 Qxb2 13.Rb1 Qa3 14.Qxd6 Nfd7 15.Bd4 Bxd4
16.Qxd4 Nb6 17.Nc1 Ne6 18.Qe3 Nxc4 19.Qd3 b5 20.Nb3 Ba6 21.Qc2 Qe7 22.Rbd1 b4
23.Ne2 Na3 24.Qb2 c5 25.Rfe1 c4 26.Nbd4 c3 27.Qc1 Bxe2 28.Nxe2 Rad8 29.Rd5 Nc7
30.Nf4 Nxd5 31.Nxd5 Rxd5 32.exd5 Qc5 33.Qf4 Nb5 34.h4 Qd4 35.Be4 Qd2 36.Qe3 Re8  0-1

[Event "BUL-ch"]
[Site "Sofia"]
[Date "1984.??.??"]
[Round "?"]
[White "Georgiev, Kiril"]
[Black "Ermenkov, Evgenij"]
[Result "1-0"]
[WhiteElo "2515"]
[BlackElo "2420"]

1.d4 Nf6 2.c4 g6 3.Nf3 Bg7 4.g3 O-O 5.Bg2 d6 6.O-O c6 7.Nc3 Qa5 8.h3 Be6
9.d5 cxd5 10.Nd4 Bd7 11.Nb3 Qb4 12.cxd5 Rc8 13.Be3 Ba4 14.Nxa4 Qxa4 15.Nd4 Qxd1
16.Rfxd1 Nbd7 17.Rac1 Nb6 18.Nb5 Rxc1 19.Rxc1 Nfxd5 20.Nc7 Nxc7 21.Rxc7 Bxb2
22.Rxe7 Rb8 23.Bxb6 axb6 24.Bd5 Rf8 25.Rxb7 Bd4 26.g4 g5 27.e3 Bc5 28.Kg2 Kg7
29.Kg3 h6 30.h4 gxh4+ 31.Kxh4 Kg6 32.Bb3 Kg7 33.Kg3 Kg6 34.Kf4 Kf6 35.f3 Kg6
36.Bc4 Kf6 37.Rd7 Kg6 38.e4 Kf6 39.Bd5 Kg6 40.Kg3 Kf6 41.f4 Kg6 42.Kf3 Kf6
43.Ke2 Ba3 44.Rb7 Bc5 45.Kd3 Bf2 46.a4 Bg1 47.Rd7 Bc5 48.Kc4 Kg6 49.Kb5 Kf6
50.Ka6 Kg6 51.Kb7 Kg7 52.Rc7 Be3 53.Rc6 Bxf4 54.Rxb6 Kf6 55.a5 Ke5 56.a6 Be3
57.Rc6 h5 58.Rc3 Kd4 59.Rc8 Rxc8 60.Kxc8 Ke5 61.gxh5 Kf6 62.Kb7 Kg7 63.Bxf7 Kxf7
64.a7 Bxa7 65.Kxa7 Ke6 66.Kb6 d5 67.exd5+ Kxd5 68.h6  1-0

[Event "Tatran Cup"]
[Site "Stary Smokovec"]
[Date "1984.??.??"]
[Round "1"]
[White "Drasko, Milan"]
[Black "Kristiansen, Jens"]
[Result "1-0"]
[WhiteElo "2480"]
[BlackElo "2445"]

1.Nf3 Nf6 2.c4 g6 3.d4 Bg7 4.g3 O-O 5.Bg2 d6 6.O-O Nbd7 7.Qc2 e5 8.Rd1 Re8
9.dxe5 dxe5 10.e4 c6 11.h3 Qc7 12.Be3 Bf8 13.c5 b6 14.cxb6 axb6 15.Nc3 Ba6
16.Nd5 Nxd5 17.exd5 c5 18.d6 Qb8 19.Ng5 h6 20.Bd5 Bg7 21.Nxf7 g5 22.Qf5 Bc8
23.Nxh6+  1-0

[Event "CSR-ch"]
[Site "Sumperk"]
[Date "1984.??.??"]
[Round "1"]
[White "Jurek, Josef"]
[Black "Jansa, Vlastimil"]
[Result "0-1"]
[WhiteElo "2320"]
[BlackElo "2475"]

1.d4 Nf6 2.Nf3 g6 3.c4 Bg7 4.g3 O-O 5.Bg2 d6 6.Nc3 c6 7.O-O Qa5 8.h3 Be6
9.d5 cxd5 10.Nd4 Bd7 11.Nb3 Qb4 12.cxd5 Ba4 13.Bd2 Na6 14.Nxa4 Qxa4 15.Bc3 Rfc8
16.e4 Nd7 17.Bxg7 Kxg7 18.h4 Rc7 19.f4 Rac8 20.Rf2 Nac5 21.Nd4 Qa6 22.Bf1 Qb6
23.Bg2 Nf6 24.e5 Nfe4 25.Rf3 Qxb2 26.Rb1 Qxa2 27.Nb5 Nd2 28.Ra1 Nxf3+ 29.Bxf3 Qb3
30.exd6 Qe3+ 31.Kg2 exd6 32.Nxc7 Rxc7 33.Rxa7 Nd3 34.Ra1 Qf2+ 35.Kh3 Rc2
36.Qh1 Qe3 37.Qf1 Nf2+ 38.Kg2 Ne4+ 39.Kh3 Nf2+ 40.Kg2 Ne4+ 41.Kh3 Rf2  0-1

[Event "CSR-ch"]
[Site "Sumperk"]
[Date "1984.??.??"]
[Round "6"]
[White "Smejkal, Jan"]
[Black "Zpevak, Pavel"]
[Result "1-0"]
[WhiteElo "2545"]
[BlackElo "2295"]

1.c4 Nf6 2.Nf3 g6 3.d4 Bg7 4.g3 O-O 5.Bg2 d6 6.O-O c6 7.Nc3 Qa5 8.h3 a6 9.e4 Nbd7
10.a3 Qc7 11.Qe2 e5 12.Be3 Re8 13.d5 Rf8 14.Rfc1 c5 15.b4 Ne8 16.Rab1 f6
17.Ne1 Rb8 18.Nd3 Rf7 19.Rb3 f5 20.bxc5 dxc5 21.exf5 gxf5 22.Na4 b6 23.f4 e4
24.Nf2 Nd6 25.Bf1 Bb7 26.Qd2 Ba8 27.Rcb1 Bf6 28.g4 Kh8 29.g5 Bg7 30.Nh1 Rff8
31.Nc3 Nf7 32.d6 Qd8 33.Ng3 Nfe5 34.fxe5 Nxe5 35.Be2 Ng6 36.Rf1 Be5 37.Nxf5 Qd7
38.Bg4 h5 39.gxh6 Qc6 40.Nd5 b5  1-0

[Event "Thessaloniki ol (Women)"]
[Site "Thessaloniki"]
[Date "1984.??.??"]
[Round "7"]
[White "Cuevas Rodriguez, Ma Luisa"]
[Black "Cramling, Pia"]
[Result "0-1"]
[WhiteElo "1965"]
[BlackElo "2405"]

1.d4 g6 2.c4 Bg7 3.Nf3 d6 4.g3 Nf6 5.Bg2 O-O 6.O-O c6 7.Nc3 a6 8.a4 a5 9.e4 Nbd7
10.h3 e5 11.Be3 exd4 12.Nxd4 Re8 13.Qc2 Nc5 14.Rad1 Qb6 15.Nde2 Qb4 16.Rxd6 Ncxe4
17.Nxe4 Nxe4 18.Qxe4 Bf5 19.Qh4 Qxd6 20.Nc3 Qb4 21.g4 Bc2 22.g5 Rad8 23.Be4 Qxb2  0-1

[Event "Tirnavia"]
[Site "Trnava"]
[Date "1984.??.??"]
[Round "8"]
[White "Plachetka, Jan"]
[Black "Cabrilo, Goran"]
[Result "1/2-1/2"]
[WhiteElo "2440"]
[BlackElo "2430"]

1.d4 Nf6 2.c4 g6 3.Nf3 Bg7 4.g3 O-O 5.Bg2 d6 6.O-O c5 7.d5 Na6 8.Nc3 Nc7
9.e4 e6 10.Re1 exd5 11.exd5 a6 12.a4 b6 13.Bf1 Rb8 14.Bf4 h6  1/2-1/2